[Event "SRB-ch 16th"]
[Site "Bajina Basta"]
[Date "2022.12.09"]
[Round "4"]
[White "Radovanovic, Nikola"]
[Black "Ivanisevic, Ivan"]
[Result "0-1"]
[WhiteElo "2414"]
[BlackElo "2535"]
[PlyCount "112"]
[EventDate "2022.12.06"]
[EventType "tourn"]
[EventRounds "9"]
[EventCountry "SRB"]
[EventCategory "10"]
[SourceTitle "CBM 211 Extra"]
[Source "ChessBase"]
[SourceDate "2023.01.31"]
[SourceVersion "1"]
[SourceVersionDate "2023.01.31"]
[SourceQuality "1"]

1. e4 c5 2. Nf3 Nc6 3. d4 cxd4 4. Nxd4 Nf6 5. Nc3 e6 6. Nxc6 bxc6 7. e5 Nd5 8. Ne4 Qc7 9. f4 Qb6 10. c4 Bb4+ 11. Ke2 f5 12. exf6 Nxf6 13. Be3 Qd8 14. Nd6+ Bxd6 15. Qxd6 Bb7 16. Rd1 c5 17. Qxc5 Kf7 18. Rg1 Re8 19. g3 Rc8 20. Qxa7 Qc7 21. Qb6 Qb8 22. Ke1 e5 23. f5 Qa8 24. Qa7 Qxa7 25. Bxa7 Bf3 26. Rd6 Ra8 27. Ra6 Rec8 28. c5 Bb7 29. Ra3 Ng4 30. Bb5 Bc6 31. Bxc6 dxc6 32. Ke2 Rd8 33. h3 Nf6 34. Rd1 Nd5 35. Rdd3 Kf6 36. Rdb3 Rd7 37. Bb6 Rb8 38. g4 Nf4+ 39. Ke3 h5 40. Ra7 Rd1 41. Rc7 hxg4 42. hxg4 Rh8 43. Rxc6+ Kg5 44. Ke4 Rh2 45. Re3 Rxb2 46. Kxe5 Rd5+ 47. Ke4 Rb4+ 48. Kf3 Rd1 49. Rc7 Kh4 50. Rb3 Rf1+ 51. Ke3 Re1+ 52. Kf2 Rbe4 53. Kf3 Nh3 54. Rb2 R4e3+ 55. Kg2 Rg3+ 56. Kh2 Nf4 0-1

[Event "Belgrade Vucicevic Memorial"]
[Site "Belgrade"]
[Date "2022.11.11"]
[Round "12"]
[White "Radovanovic, Nikola"]
[Black "Ivic, Velimir"]
[Result "0-1"]
[WhiteElo "2414"]
[BlackElo "2560"]
[PlyCount "116"]
[EventDate "2022.11.11"]
[EventType "swiss (blitz)"]
[EventRounds "13"]
[EventCountry "SRB"]
[SourceTitle "EXT 2024"]
[Source "ChessBase"]
[SourceDate "2023.10.10"]
[SourceVersion "1"]
[SourceVersionDate "2023.10.10"]
[SourceQuality "1"]

1. d4 d5 2. c4 e6 3. Nc3 Nf6 4. cxd5 exd5 5. Bg5 Bb4 6. e3 h6 7. Bh4 g5 8. Bg3 Ne4 9. Nge2 h5 10. h4 Nxg3 11. Nxg3 gxh4 12. Nxh5 Qg5 13. Nf4 c6 14. Bd3 Nd7 15. Qb3 Bd6 16. Nce2 a5 17. a3 a4 18. Qc2 Nf6 19. 0-0-0 Bd7 20. Rdg1 b5 21. Nh3 Qg4 22. f3 Qh5 23. Nef4 Qh6 24. Bf5 Rg8 25. Bxd7+ Kxd7 26. Qf5+ Kc7 27. Kb1 Rae8 28. Rc1 Kb6 29. Rc3 b4 30. axb4 Bxb4 31. Rd3 Be7 32. Rc1 Kb7 33. Rdc3 Rc8 34. Qc2 Qh7 35. e4 dxe4 36. Rxc6 exf3 37. Qxh7 Nxh7 38. Rxc8 Rxc8 39. Rxc8 Kxc8 40. gxf3 Bf6 41. Ne2 Ng5 42. Nxg5 Bxg5 43. Ng1 Be3 44. Nh3 Bxd4 45. Ka2 Bc5 46. Kb1 Kd7 47. Kc2 Bd4 48. Ng5 f6 49. Nh3 Kd6 50. Kb1 Kc5 51. Ka2 Kb4 52. f4 f5 53. Ng5 Be3 54. Nh3 Bd2 55. Kb1 Kb3 56. Ka1 Bc1 57. Kb1 Bxb2 58. Nf2 a3 0-1